Ideas generales sobre la constitución y propiedades mecánicas del acero (Record no. 166113)

MARC details
000 -LEADER
campo de control de longitud fija 00736nam a22001695i 4500
001 - NÚMERO DE CONTROL
campo de control 166113
003 - IDENTIFICADOR DE NÚMERO DE CONTROL
campo de control ES-MaACL
005 - FECHA Y HORA DE LA ÚLTIMA TRANSACCIÓN
campo de control 20230906213251.0
008 - DATOS DE LONGITUD FIJA--INFORMACIÓN GENERAL
campo de control de longitud fija 990603s1894 sp |||| | spa d
040 ## - FUENTE DE CATALOGACIÓN
Centro catalogador/agencia de origen CYL
Lengua de catalogación spa
Centro/agencia transcriptor CYL
100 1# - ENTRADA PRINCIPAL--NOMBRE DE PERSONA
Nombre de persona Tejera y Magnin, Lorenzo de la.
9 (RLIN) 109589
245 10 - MENCIÓN DEL TÍTULO
Título Ideas generales sobre la constitución y propiedades mecánicas del acero
Resto del título : influencia que sobre ellas ejercen las acciones térmicas y mecánicas a que haya sido sometido y la composición química que tenga /
Mención de responsabilidad, etc. por Lorenzo de la Tejera y Magnin.
260 ## - PUBLICACIÓN, DISTRIBUCIÓN, ETC.
Lugar de publicación, distribución, etc. Barcelona :
Nombre del editor, distribuidor, etc. Redacción de la Revista Científico-Miliar,
Fecha de publicación, distribución, etc. 1894.
300 ## - DESCRIPCIÓN FÍSICA
Extensión 90, [16] p. ;
Dimensiones 19 cm.
650 #4 - PUNTO DE ACCESO ADICIONAL DE MATERIA--TÉRMINO DE MATERIA
Término de materia o nombre geográfico como elemento de entrada Acero.
9 (RLIN) 146072
852 ## - LOCALIZACIÓN
Ubicación ES-MaACL
Número de control de estantería G-9170(1)
Nota libre -- Enc. hol.
Holdings
Estatus retirado Estado de pérdida Estado de daño No para préstamo Colección Biblioteca de origen Biblioteca actual Ubicación en estantería Fecha de adquisición Fuente de adquisición Total de préstamos Signatura topográfica completa Código de barras Visto por última vez Precio de reemplazo Tipo de ítem Koha
        Libros del s. XIX Biblioteca del Ateneo de Madrid Biblioteca del Ateneo de Madrid Sala Pecera Planta 3 17/01/2008     G-9170(1) 1174209 23/02/2023 23/02/2023 Libro impreso antiguo